People in the Bible - Tile Select - Statistics

General Stats
  • This quiz has been taken 78 times
  • The average score is 52 of 80
Answer Stats
Question Tile Select % Correct
people in Jesus’ genealogy in Matthew 1 Jeremiah No
94%
Descendants of Abraham Babylonians No
92%
Descendants of Abraham Philistines No
92%
people in Jesus’ genealogy in Matthew 1 Jehu No
91%
people before the flood Sidon No
91%
people in Jesus’ genealogy in Matthew 1 Jonathan No
89%
people before the flood Raamah No
89%
people in Jesus’ genealogy in Matthew 1 Daniel No
88%
Descendants of Abraham Egyptians No
88%
people before the flood Eve Yes
88%
people in Jesus’ genealogy in Matthew 1 Ishmael No
88%
people before the flood Cain Yes
86%
Descendants of Abraham Levites Yes
86%
people before the flood Sarah No
86%
sons of David Tamar No
86%
people before the flood Gomer No
84%
people in Jesus’ genealogy in Matthew 1 Saul No
84%
people in Jesus’ genealogy in Matthew 1 Solomon Yes
84%
sons of David Solomon Yes
84%
people before the flood Caanan No
83%
Descendants of Abraham Canaanites No
81%
Descendants of Abraham Ishmaelites Yes
81%
people in Jesus’ genealogy in Matthew 1 Jacob Yes
81%
Descendants of Abraham Jews Yes
81%
sons of David Joab No
81%
sons of David Zeruiah No
81%
sons of David Jesse No
80%
people in Jesus’ genealogy in Matthew 1 Judah Yes
80%
sons of David Mephibosheth No
80%
people before the flood Seth Yes
80%
Descendants of Abraham Aramaens No
78%
people before the flood Cush No
78%
people in Jesus’ genealogy in Matthew 1 Naomi No
78%
sons of David Absalom Yes
77%
Descendants of Abraham Amalekites No
77%
Descendants of Abraham Benjaminites Yes
77%
people in Jesus’ genealogy in Matthew 1 Jeroboam No
77%
people before the flood Peleg No
77%
sons of David Abishai No
75%
Descendants of Abraham Ammonites No
75%
people involved during Paul’s second missionary journey James No
75%
Descendants of Abraham Moabites No
75%
people before the flood Enoch Yes
73%
people involved during Paul’s second missionary journey Simon No
73%
sons of David Abimelek No
72%
people involved during Paul’s second missionary journey Cornelius No
72%
people involved during Paul’s second missionary journey Peter No
72%
people involved during Paul’s second missionary journey Timothy Yes
72%
sons of David Abner No
70%
people in Jesus’ genealogy in Matthew 1 Joseph Yes
70%
Descendants of Abraham Reubenites Yes
70%
people involved during Paul’s second missionary journey Eutychus No
61%
people before the flood Methuselah Yes
61%
people involved during Paul’s second missionary journey Dorcas No
59%
people involved during Paul’s second missionary journey Priscilla Yes
59%
people involved during Paul’s second missionary journey Silas Yes
59%
people involved during Paul’s second missionary journey Luke Yes
58%
people involved during Paul’s second missionary journey Aquila Yes
55%
people involved during Paul’s second missionary journey John Mark No
53%
people in Jesus’ genealogy in Matthew 1 Rahab Yes
53%
sons of David Amnon Yes
52%
people before the flood Lamech Yes
50%
people before the flood Nimrod No
48%
sons of David Adonijah Yes
44%
Descendants of Abraham Edomites Yes
42%
people involved during Paul’s second missionary journey Barnabas No
41%
Descendants of Abraham Samaritans Yes
41%
people in Jesus’ genealogy in Matthew 1 Josiah Yes
38%
people in Jesus’ genealogy in Matthew 1 Salmon Yes
36%
people involved during Paul’s second missionary journey Lydia Yes
33%
people in Jesus’ genealogy in Matthew 1 Zerubbabel Yes
30%
sons of David Nathan Yes
22%
people before the flood Zillah Yes
20%
Descendants of Abraham Midianites Yes
19%
people involved during Paul’s second missionary journey Crispus Yes
17%
sons of David Eliada Yes
16%
sons of David Shobab Yes
16%
sons of David Chileab Yes
14%
people before the flood Naamah Yes
9%
people involved during Paul’s second missionary journey Jason Yes
3%
No matching quizzes found
Score Distribution
Percent of People with Each Score
Percentile by Number Answered
Your Score History
You have not taken this quiz